000 00287nam a22001337a 4500
008 170620b xxu||||| |||| 00| 0 eng d
020 _a9780582099531
041 _aeng
080 _a32
100 _a20
101 _ashp
245 _aMODERN DIPLOMACY
_cBARTSON, R.P
942 _2udc
_cBK
999 _c18300
_d18300